| 000 | 00744nam a2200205 4500 | ||
|---|---|---|---|
| 001 | 110428 | ||
| 003 | ES-MaACL | ||
| 005 | 20250824071913.0 | ||
| 007 | t| | ||
| 008 | 061121s1984 sp r ||||1| spa d | ||
| 100 | 0 |
_aMolina Foix, Vicente, _d1946- _9235020 |
|
| 245 | 1 | 4 |
_aLos abrazos del pulpo / _cVicente Molina Foix. |
| 260 |
_aMadrid : _bCentro Nacional de Nuevas Tendencias Escénicas, _c1984. |
||
| 300 |
_a79 p. ; _c17 cm. |
||
| 490 | 1 |
_aNuevo teatro español ; _v1 |
|
| 710 | 2 |
_aCentro Nacional de Nuevas Tendencias Escénicas (España) _9134239 |
|
| 830 | 0 | 0 |
_aNuevo teatro español (Centro Nacional de Nuevas Tendencias Escénicas) _v1 _9180888 |
| 852 |
_aES-MaACL _jL-10945 _bR.112486 |
||
| 999 |
_c110428 _d110428 |
||